000 00290nam a22001337a 4500
008 190306b xxu||||| |||| 00| 0 eng d
020 _a9780879860721
041 _aeng
080 _a371
100 _a46
101 _aEDU
245 _aMeeting the Standards
_cHaas,M.E
942 _2udc
_cBK
999 _c54607
_d54607